LEADER 00909nam0-22002651i-450 001 990002742500403321 005 20230607114029.0 035 $a000274250 035 $aFED01000274250 035 $a(Aleph)000274250FED01 100 $a20030910d1973----km-y0itay50------ba 101 0 $aita 102 $aIT 200 1 $aImposte sul reddito$eProntuario delle ritenute sui redditi di lavoro dipendente per periodo di paga ( dal 1° genneio 1974 )$fa cura del Ministero delle Finanze 210 $aRoma$cIstituto Poligrafico dello Stato$d1973 215 $aVIII, 360 p.$d34 cm 225 1 $aDirezione generale delle imposte dirette$fMinistero delle finanze 710 01$aItalia.$bMinistero delle finanze$0356818 801 0$aIT$bUNINA$gRICA$2UNIMARC 901 $aBK 912 $a990002742500403321 952 $aC2-P29-03a-RA$bs.i.$fECA 959 $aECA 996 $aImposte sul reddito$93368614 997 $aUNINA